000 00444cam a2200181ua 4500
020 _c1.00
041 _amal
_h
082 _a894.8121
_bSAN/NI
100 _aSankaraKurup, G.
245 _aNimisham /
_cG Sankara Kurup.
_hTextual Documents
250 _a1 /
_b.
260 _aKottayam :
_bSahitya Pravarthaka Co-operative Society ,
_c1963.
300 _a76 ; .
365 _a1.00
504 _a
942 _cBK
999 _c6602
_d6602